00253 a2200109 4500001000700000020000600007040001100013100004500024240003500069245003000104362000900134168877 a  cMagnum aFreitas, Maria Tereza de Assuncao (Org.)10aVygotsky um seculo depoislpor10aVygotsky um seculo depois0 a1899